[Event "China Zonal 3.5 2016"]
[Site "Shenzhen CHN"]
[Date "2016.06.28"]
[Round "3.6"]
[White "Bai,Jinshi"]
[Black "Zhu,Yi"]
[Result "1-0"]
[WhiteElo "2567"]
[BlackElo "2316"]

1.d4 d5 2.c4 dxc4 3.e4 e5 4.Nf3 exd4 5.Bxc4 Nc6 6.O-O Be6 7.Bb5 Bc5 8.b4 Bb6
9.a4 a6 10.Bxc6+ bxc6 11.Bb2 Qd7 12.a5 Ba7 13.Qd3 Nf6 14.Rc1 O-O 15.Ne5 Qd6
16.Nxc6 Ng4 17.Qg3 d3 18.e5 Qd7 19.Nxa7 Rxa7 20.Rd1 Rd8 21.Ra3 Bf5 22.h3 Qc6
23.hxg4 Qc2 24.Rf1 d2 25.Nxd2 Bd3 26.Bc3 Bxf1 27.Nxf1 Rd3 28.Qf4 h5 29.e6 c5
30.Qb8+  1-0

[Event "44th Annual World Open"]
[Site "Philadelphia USA"]
[Date "2016.06.30"]
[Round "1"]
[White "Nyzhnyk,I"]
[Black "Diano,Eden"]
[Result "1-0"]
[WhiteElo "2622"]
[BlackElo "2217"]

1.d4 d5 2.c4 dxc4 3.e4 a6 4.Bxc4 b5 5.Bd3 Bb7 6.Nf3 e6 7.a4 b4 8.Qe2 Nf6
9.O-O Be7 10.Nbd2 c5 11.dxc5 Nbd7 12.Nb3 Nxc5 13.Nxc5 Bxc5 14.Rd1 Nd7 15.e5 Be7
16.Be4 Bxe4 17.Qxe4 O-O 18.Be3 Qc7 19.Rac1 Nc5 20.Bxc5 Bxc5 21.Ng5 g6 22.Qh4 h5
23.Ne4 Be7 24.Rxc7 Bxh4 25.g3 Bd8 26.Rb7 Ba5 27.Rdd7 Rad8 28.Re7 Rd1+ 29.Kg2 Bd8
30.Nf6+ Kg7 31.Rxe6 Rd2 32.Ne8+ Kg8 33.Rd6 Bg5 34.Nf6+ Kg7 35.Ne4 Rxd6 36.Nxd6 Kg8
37.f4 Bd8 38.b3 a5 39.h4 Kg7 40.Kf3  1-0

[Event "VMCG Open A 2016"]
[Site "Lueneburg GER"]
[Date "2016.07.02"]
[Round "2.31"]
[White "Geissler,Karl-Heinz"]
[Black "Dellert,Lena"]
[Result "0-1"]
[WhiteElo "1670"]
[BlackElo "1887"]

1.d4 d5 2.c4 dxc4 3.e4 Nc6 4.Nf3 Bg4 5.Bxc4 e6 6.Bb5 Bxf3 7.gxf3 Bb4+ 8.Nc3 Ne7
9.Be3 a6 10.Bxc6+ Nxc6 11.Qd2 Qf6 12.Ke2 O-O-O 13.Rad1 Rd7 14.f4 Rhd8 15.e5 Qf5
16.Rhe1 g6 17.f3 Qh3 18.Kf2 Qxh2+ 19.Kf1 Qxd2 20.Rxd2 Nxd4 21.Bxd4 Rxd4 22.Rxd4 Rxd4  0-1

[Event "Visma GM 2016"]
[Site "Vaxjo SWE"]
[Date "2016.07.02"]
[Round "7.2"]
[White "Lindgren,P"]
[Black "Westerberg,J"]
[Result "1-0"]
[WhiteElo "2411"]
[BlackElo "2498"]

1.d4 d5 2.c4 dxc4 3.e4 b5 4.a4 c6 5.axb5 cxb5 6.Nc3 a6 7.Nxb5 axb5 8.Rxa8 Bb7
9.Ra1 e6 10.Nf3 Nf6 11.Be2 Nxe4 12.O-O Qd5 13.b3 Nc6 14.bxc4 bxc4 15.Qc2 c3
16.Qa4 Bb4 17.Bb5 Bd6 18.Bc4 Qh5 19.Ba6 Ba8 20.Bd3 O-O 21.Bxe4 Nxd4 22.Qxd4 Bc5  1-0

[Event "ch-TUR Youth 2016"]
[Site "Canakkale TUR"]
[Date "2016.07.03"]
[Round "9.2"]
[White "Tarlabasi,Emirhan"]
[Black "Koksal,E"]
[Result "0-1"]
[WhiteElo "1937"]
[BlackElo "2324"]

1.d4 d5 2.c4 dxc4 3.e4 Nf6 4.e5 Nd5 5.Bxc4 Nc6 6.Be3 Be6 7.Bxd5 Bxd5 8.f3 e6
9.Ne2 Qh4+ 10.g3 Qh5 11.Nf4 Qxf3 12.Qxf3 Bxf3 13.Rf1 Bd5 14.Nxd5 exd5 15.Ke2 Nd8
16.Nc3 c6 17.g4 h6 18.a3 Be7 19.b4 Ne6 20.Na4 h5 21.g5 Bxg5 22.Nc5 Nxc5 23.bxc5 Bxe3
24.Kxe3 b5 25.a4 b4 26.a5 Rb8 27.Rfb1 Rb5 28.a6 b3 29.Ra3 Ke7 30.Rbxb3 Rhb8
31.Rxb5 Rxb5 32.h4 Ke6 33.Ra1 Rb3+ 34.Kf4 Rb4 35.Ke3 f6 36.Rg1 Rb3+ 37.Kf4 fxe5+
38.dxe5 Rb4+ 39.Ke3 Rg4 40.Rb1 Kxe5 41.Rb7 Rg3+ 42.Kf2 Ra3 43.Rxa7 Kd4 44.Rxg7 Rxa6
45.Rg5 Kxc5 46.Rxh5 Kc4 47.Rh8 c5 48.h5 Re6 49.h6 d4 50.h7 Re7 51.Kg1 Rf7
52.Kg2 d3 53.Kg3 Rd7 54.Kf2 d2 55.Rc8 d1=Q 56.h8=Q Rd2+ 57.Kg3 Qg1+ 58.Kf4 Qf1+
59.Ke5 Qe1+  0-1

[Event "24th Montcada Open 2016"]
[Site "Montcada i Reixac ESP"]
[Date "2016.07.03"]
[Round "9.15"]
[White "Rios,Cr"]
[Black "Garcia Ramos,Daniel"]
[Result "1/2-1/2"]
[WhiteElo "2479"]
[BlackElo "2231"]

1.d4 d5 2.c4 dxc4 3.e4 e5 4.Nf3 exd4 5.Bxc4 Nc6 6.O-O Be6 7.Bb5 Bc5 8.b4 Bb6
9.Bb2 Ne7 10.Nxd4 O-O 11.Nxc6 Nxc6 12.Bxc6 bxc6 13.Qc2 Bd4 14.Nc3 Qg5 15.Ne2 Bxb2
16.Qxb2 a5 17.bxa5 Rxa5 18.Rfc1 Qb5 19.Qd2 c5 20.Nc3 Qb4 21.Qf4 Ra3 22.Qe5 Qd4
23.Qxd4 cxd4 24.Nb5 Rxa2 25.Rxa2 Bxa2 26.Nxd4 Rd8 27.Nc6 Rd7 28.f3 Bb3 29.Kf2 Ba4
30.Nb8 Rd2+ 31.Kg3 Rc2 32.Rxc2 Bxc2 33.Na6 c6 34.Kf4 Kf8 35.Nb4 Ba4 36.Ke5 Ke7
37.Kd4 Bb5 38.Kc5 Kd7 39.g3 f6 40.Nc2 Bf1 41.Ne3 Be2 42.f4 Bf3 43.Kd4 Ke6
44.f5+ Kf7 45.e5 c5+ 46.Kxc5 fxe5 47.Nd5 Bg4 48.Kd6 Bxf5 49.Kxe5 Bb1 50.g4 Bc2
51.h4 Bb1 52.Nc7 Ba2 53.Nb5 Ke7 54.Nd6 Bb1 55.h5 Bc2  1/2-1/2

[Event "44th Annual World Open"]
[Site "Philadelphia USA"]
[Date "2016.07.04"]
[Round "9"]
[White "Zherebukh,Y"]
[Black "Rozman,Levy"]
[Result "1-0"]
[WhiteElo "2595"]
[BlackElo "2254"]

1.d4 d5 2.c4 dxc4 3.e4 Nc6 4.Nf3 Nf6 5.e5 Nd5 6.Bxc4 Bg4 7.Nc3 e6 8.O-O Nb6
9.Be2 Be7 10.Be3 O-O 11.Rc1 Qd7 12.Qd2 Rfd8 13.Rfd1 a6 14.h3 Bh5 15.Qe1 Nb4
16.a3 N4d5 17.Ne4 Nxe3 18.fxe3 Nd5 19.Qf2 Qa4 20.Rf1 Bg6 21.Nfd2 Rac8 22.Nc5 Bxc5
23.Rxc5 b6 24.Rc4 Qb5 25.b4 Qa4 26.e4 Ne7 27.Qe3 Qd7 28.Nf3 c5 29.bxc5 bxc5
30.dxc5 Qc7 31.Rcc1 Nc6 32.Bxa6 Ra8 33.Bb5 Nxe5 34.a4 f6 35.Nd4 Qe7 36.Rfd1 Be8
37.Qb3 Bf7 38.Kh1 Rac8 39.c6 Qa7 40.Qc3 Bg6 41.c7 Rd6 42.Nxe6  1-0

[Event "44th TCh-GRE 2016"]
[Site "Achaea GRE"]
[Date "2016.07.05"]
[Round "1.4"]
[White "Gavrilidis,G"]
[Black "Papadimitriou,A"]
[Result "1-0"]
[WhiteElo "2125"]
[BlackElo "2254"]

1.d4 d5 2.c4 dxc4 3.e4 e5 4.Nf3 Bb4+ 5.Bd2 Bxd2+ 6.Nbxd2 exd4 7.Bxc4 Nh6
8.Nb3 c5 9.Rc1 Nd7 10.Bd5 Qe7 11.Qc2 O-O 12.O-O Nf6 13.Qxc5 Nxd5 14.exd5 Qxc5
15.Rxc5 b6 16.Rc7 d3 17.Ne5 Re8 18.Nc6 Nf5 19.Rd1 a5 20.g4 Nd6 21.Ne7+ Kf8
22.Nxc8 Raxc8 23.Rxc8 Rxc8 24.Rxd3 Ke7 25.Kg2 Rc2 26.Rd2 Rxd2 27.Nxd2 Kf6
28.f4 b5 29.Kf3 Ke7 30.Ke3 f5 31.g5 Nb7 32.Kd4 Kd6 33.b3 Nc5 34.a4  1-0

[Event "22nd Klatovy Open 2016"]
[Site "Klatovy CZE"]
[Date "2016.07.07"]
[Round "6.12"]
[White "Barrish,Daniel"]
[Black "Lacina,A"]
[Result "0-1"]
[WhiteElo "2183"]
[BlackElo "2167"]

1.d4 d5 2.c4 dxc4 3.e4 c5 4.d5 Nf6 5.Nc3 a6 6.e5 Nfd7 7.Qa4 b5 8.Nxb5 axb5
9.Qxa8 Qb6 10.e6 fxe6 11.dxe6 Qxe6+ 12.Be2 g6 13.Bf4 Qb6 14.Bxb8 Nxb8 15.a4 Bg7
16.a5 Qc7 17.a6 O-O 18.Qd5+ e6 19.Qe4 Nxa6 20.Nf3 Nb4 21.Rb1 e5 22.O-O Bf5
23.Qh4 Bxb1 24.Rxb1 Qd8 25.Ng5 h6 26.Bxc4+ bxc4 27.Qxc4+ Qd5 28.Qxd5+ Nxd5  0-1

[Event "Science Park Open A 2016"]
[Site "Amsterdam NED"]
[Date "2016.07.11"]
[Round "3.6"]
[White "Bezemer,A"]
[Black "Jonkman,H"]
[Result "1-0"]
[WhiteElo "2278"]
[BlackElo "2421"]

1.d4 d5 2.c4 dxc4 3.e4 Nf6 4.e5 Nd5 5.Bxc4 Nc6 6.Nc3 Nb6 7.Bb5 a6 8.Bxc6+ bxc6
9.Nge2 Bf5 10.Ng3 Qd7 11.Nxf5 Qxf5 12.O-O e6 13.Be3 Be7 14.Rc1 O-O 15.Ne2 c5
16.Ng3 Qg6 17.dxc5 Nd5 18.Bd2 Rfb8 19.b3 Rb5 20.c6 Nb4 21.Bxb4 Bxb4 22.Qe2 Rd8
23.Rfd1 Rdd5 24.a4 Rb6 25.Qc4 Qg5 26.f4 Qd8 27.Rxd5 exd5 28.Qd4 g6 29.Ne4 Be7
30.Qxb6 dxe4 31.Qe3 Qd5 32.h3 g5 33.Rc4 gxf4 34.Qxe4 Qd1+ 35.Kh2 Qxb3 36.Qxf4 h5
37.Qg3+ Qxg3+ 38.Kxg3 Kg7 39.Rd4 Bc5 40.Rd7 Bb6 41.e6  1-0

[Event "Science Park Open A 2016"]
[Site "Amsterdam NED"]
[Date "2016.07.13"]
[Round "5.2"]
[White "Novikov,St1"]
[Black "Van den Doel,E"]
[Result "0-1"]
[WhiteElo "2528"]
[BlackElo "2568"]

1.d4 d5 2.c4 dxc4 3.e4 Nf6 4.e5 Nd5 5.Bxc4 Nb6 6.Bd3 Nc6 7.Ne2 Bg4 8.f3 Be6
9.Nbc3 Bc4 10.Bxc4 Nxc4 11.e6 fxe6 12.O-O Nb6 13.Be3 g6 14.Nf4 Bh6 15.Qd3 Bxf4
16.Bxf4 e5 17.d5 exf4 18.Rfe1 O-O 19.Re6 Rf5 20.Rd1 Ne5 21.Qe4 Nbd7 22.Qd4 Nf7
23.Rde1 Nde5 24.h4 c5 25.Qe4 c4 26.Qd4 Qd7 27.Re4 b5 28.Ne2 a5 29.Nxf4 Qa7
30.Rb6 Nd6 31.Ne6 Nxe4 32.fxe4 Rf6 33.Kh2 Rxe6 34.dxe6 Qc7 35.Kh3 Rd8 36.Qf2 Rd3+
37.g3 Rf3 38.Qg1 Nd3 39.Rxb5 Nf2+ 40.Kh2 Nxe4  0-1

[Event "123rd ch-SCO Open 2016"]
[Site "Glasgow SCO"]
[Date "2016.07.13"]
[Round "5.8"]
[White "Brown,Ste"]
[Black "Mannion,Stephen R"]
[Result "1/2-1/2"]
[WhiteElo "1996"]
[BlackElo "2317"]

1.d4 d5 2.c4 dxc4 3.e4 Nc6 4.Nf3 Nf6 5.e5 Nd5 6.Bxc4 Nb6 7.Bd3 Bg4 8.Be3 e6
9.Nc3 Qd7 10.Be4 O-O-O 11.Qe2 Kb8 12.Rd1 Ne7 13.h3 Bh5 14.O-O Ned5 15.Nxd5 Nxd5
16.Qc4 f5 17.exf6 gxf6 18.Rc1 Bd6 19.Ne1 f5 20.Bf3 Bxf3 21.Nxf3 Rhg8 22.Kh1 Rg7
23.Rg1 Rdg8 24.Ne5 Qe8 25.Qe2 Bxe5 26.dxe5 Qe7 27.Rc4 Qd7 28.b3 Rg6 29.Qf3 Qg7
30.Bd4 f4 31.a4 Qd7 32.Bb2 Rg5 33.Re4 Rf5 34.Rd1 Rgf8 35.Ba3 R8f7 36.Bb2 Qe7
37.Rc1  1/2-1/2

[Event "ch-NOR 2016"]
[Site "Tromso NOR"]
[Date "2016.07.15"]
[Round "8.1"]
[White "Elsness,F"]
[Black "Nilsen,Jo"]
[Result "0-1"]
[WhiteElo "2439"]
[BlackElo "2407"]

1.d4 d5 2.c4 dxc4 3.e4 Nc6 4.Nf3 Bg4 5.d5 Ne5 6.Bf4 Ng6 7.Be3 e5 8.Bxc4 a6
9.Nc3 Nf6 10.Be2 Bd6 11.Nd2 Bd7 12.O-O O-O 13.g3 Qe7 14.Rc1 b5 15.a3 Rfb8
16.Qc2 a5 17.Ncb1 a4 18.Nc3 h6 19.Na2 Rc8 20.Qd3 Rab8 21.Rc2 c5 22.dxc6 Rxc6
23.Rxc6 Bxc6 24.Rc1 Bd7 25.Nc3 Rc8 26.Rd1 b4 27.axb4 Bxb4 28.Nd5 Nxd5 29.exd5 f5
30.Qa6 Kh7 31.Nc4 f4 32.Nb6 fxe3 33.Nxc8 Qf8 34.fxe3 Bxc8 35.Qxa4 Qc5 36.Qb3 Bf5
37.Bc4 Bg4 38.Ra1 e4 39.d6 Ne5 40.Bg8+ Kg6 41.Be6 Nd3 42.Bxg4 Qxe3+ 43.Kg2 Nf4+
44.gxf4 Qxb3 45.d7 Qxb2+ 46.Kh3 Qc3+ 47.Kg2 Qd2+ 48.Kh1 Ba5 49.Rf1 e3 50.Rd1 e2  0-1

[Event "15th Premier League BIH"]
[Site "Bihac BIH"]
[Date "2016.07.17"]
[Round "2.5"]
[White "Radovanovic,Mihajlo"]
[Black "Lazic,Mir"]
[Result "1/2-1/2"]
[WhiteElo "2362"]
[BlackElo "2476"]

1.d4 d5 2.c4 dxc4 3.e4 e5 4.Nf3 exd4 5.Bxc4 Nc6 6.O-O Be6 7.Bb5 Bc5 8.b4 Bb6
9.a4 a6 10.Bxc6+ bxc6 11.a5 Ba7 12.Bb2 Nf6 13.Bxd4 O-O 14.Nc3 Qe7 15.Qa4 Bd7
16.Bxa7 Rxa7 17.e5 Nd5 18.Nxd5 cxd5 19.Qb3 Bb5 20.Rfb1 Bc4 21.Qc3 Re8 22.Rb2 Rb7
23.Rab1 h6 24.h3 Reb8 25.Nd2 Rb5 26.Nxc4 dxc4 27.Qxc4 c5 28.f4 cxb4 29.Kh2 h5
30.Rb3 h4 31.R1b2 g6 32.Rb1 Kg7 33.R3b2 Kg8  1/2-1/2

[Event "7th Vojvodina Open 2016"]
[Site "Novi Sad SRB"]
[Date "2016.07.21"]
[Round "9.10"]
[White "Saric,S"]
[Black "Cengija,V"]
[Result "1-0"]
[WhiteElo "2435"]
[BlackElo "2252"]

1.d4 d5 2.c4 dxc4 3.e4 e5 4.Nf3 exd4 5.Bxc4 Bb4+ 6.Bd2 Bxd2+ 7.Nbxd2 Nc6
8.O-O Nf6 9.e5 Nd5 10.Qb3 Nce7 11.Nxd4 O-O 12.Ne4 c6 13.Rad1 Qb6 14.Nd6 Rb8
15.Qg3 Qxb2 16.f4 c5 17.Bxd5 Nxd5 18.N4f5  1-0

[Event "9th Paleochora Open 2016"]
[Site "Paleochora GRE"]
[Date "2016.07.21"]
[Round "3.26"]
[White "Volodin,Alek"]
[Black "Kadianis,Georgios"]
[Result "1-0"]
[WhiteElo "2489"]
[BlackElo "2040"]

1.d4 d5 2.c4 dxc4 3.e4 Nc6 4.Nf3 Bg4 5.d5 Ne5 6.Bf4 Bxf3 7.gxf3 Ng6 8.Be3 e6
9.Qa4+ Qd7 10.Qxd7+ Kxd7 11.Bxc4 e5 12.h4 h5 13.Ke2 a6 14.Nc3 Bd6 15.Kd2 N8e7
16.Rag1 Raf8 17.a3 Nc8 18.Bf1 Be7 19.Bh3+ Kd8 20.Bxc8 Kxc8 21.Bg5 Bc5 22.Rg2 b5
23.Ne2 Bd6 24.Ng3 Nf4 25.Bxf4 exf4 26.Nf5 Be5 27.b3 g6 28.Ne7+ Kd7 29.Nc6 Kd6
30.Nxe5 Kxe5 31.Rc1 Rc8 32.Rc6 Rhd8 33.Rg5+ Kd4 34.Rc3 a5 35.d6 f5 36.dxc7 Rd6
37.exf5 Ke5+ 38.Ke2  1-0

[Event "31st Avoine Open 2016"]
[Site "Avoine FRA"]
[Date "2016.07.23"]
[Round "1.16"]
[White "Bourgois,B"]
[Black "Bujisho,B"]
[Result "0-1"]
[WhiteElo "2042"]
[BlackElo "2354"]

1.d4 d5 2.c4 dxc4 3.e4 Nc6 4.Nf3 Bg4 5.d5 Ne5 6.Be2 Bxf3 7.gxf3 e6 8.f4 Nd3+
9.Bxd3 cxd3 10.dxe6 fxe6 11.Qh5+ g6 12.Qe5 Nf6 13.Qxe6+ Qe7 14.Qxe7+ Bxe7
15.Nc3 Bb4 16.Bd2 O-O 17.f3 Nh5 18.f5 gxf5 19.Rg1+ Kf7 20.Rg5 Ng7 21.Nd5 Bxd2+
22.Kxd2 c6 23.Nc7 Rac8 24.Rxg7+ Kxg7 25.Ne6+ Kf6 26.Nxf8 Rxf8 27.exf5 Rg8
28.Kxd3 Rg2 29.Kc3 Rxh2 30.Rd1 Re2 31.Rh1 Re7 32.Rh5 Ke5 33.b4 Rd7 34.a4 b6
35.Kc4 Rf7 36.a5 Kf4 37.axb6 axb6 38.Rh6 Rc7 39.f6 Rf7 40.b5 Kg5 41.Rh3 c5
42.Rg3+ Kxf6 43.Kd5 Kf5 44.Rg8 Rf6 45.Rh8 h6 46.Rh7 Kf4 47.Rc7 h5 48.Rc6 Kf5
49.Rc8 h4 50.Rh8 Kg5 51.Ke4 Re6+ 52.Kd5 Rh6 53.f4+ Kh5 54.Rg8 h3 55.Rg1 h2
56.Rh1 Kg4 57.Ke5 Kg3  0-1

[Event "Xtracon Chess Open 2016"]
[Site "Helsingor DEN"]
[Date "2016.07.23"]
[Round "1.125"]
[White "Machlik,Endre"]
[Black "Joensen,Sigurd"]
[Result "1-0"]
[WhiteElo "2091"]
[BlackElo "1615"]

1.d4 d5 2.c4 dxc4 3.e4 e6 4.Bxc4 Bb4+ 5.Nc3 Bxc3+ 6.bxc3 Ne7 7.Nf3 O-O 8.O-O h6
9.Qe2 Nd7 10.Bd3 Nf6 11.c4 Nc6 12.e5 Nh7 13.Qe4 g6 14.Bxh6 Re8 15.Qg4 Ne7
16.Ng5 Nf5 17.Bxf5 exf5 18.Qf4 f6 19.Nxh7 fxe5 20.dxe5 Kxh7 21.Bg5 Qd7 22.Rad1 Qg7
23.Rfe1 Be6 24.Bf6 g5 25.Bxg5 c5 26.Bf6  1-0

[Event "9th Paleochora Open 2016"]
[Site "Paleochora GRE"]
[Date "2016.07.23"]
[Round "5.30"]
[White "Colovic,A"]
[Black "Kadianis,Georgios"]
[Result "1-0"]
[WhiteElo "2452"]
[BlackElo "2040"]

1.d4 d5 2.c4 dxc4 3.e4 Nc6 4.Nf3 Bg4 5.d5 Ne5 6.Bf4 Ng6 7.Be3 Nf6 8.Nc3 e5
9.Bxc4 a6 10.Be2 Bxf3 11.Bxf3 Bd6 12.O-O O-O 13.g3 Qe7 14.Rc1 Nd7 15.Bg4 Bc5
16.d6 cxd6 17.Nd5 Qd8 18.Bxd7 Bxe3 19.fxe3 Qxd7 20.Nb6 Qb5 21.Nxa8 Rxa8 22.Qd5 Qd7
23.Rf2 Re8 24.Qc4 h6 25.Qc7 Qe6 26.Qxb7 Re7 27.Qc8+ Qxc8 28.Rxc8+ Kh7 29.Rc6  1-0

[Event "Quebec Open 2016"]
[Site "Montreal CAN"]
[Date "2016.07.24"]
[Round "2.15"]
[White "Gauthier,Denis"]
[Black "Chipanga,T"]
[Result "1-0"]
[WhiteElo "1832"]
[BlackElo "2125"]

1.d4 d5 2.c4 dxc4 3.e4 e5 4.Nf3 Bb4+ 5.Nc3 exd4 6.Nxd4 Ne7 7.Bxc4 Nbc6 8.Be3 O-O
9.O-O Na5 10.Bd3 Bxc3 11.bxc3 b6 12.Qc2 c5 13.Nf3 Ng6 14.Rad1 Qe7 15.Bg5 f6
16.Bc1 c4 17.Be2 Bb7 18.Qa4 Qxe4 19.Rfe1 Qc6 20.Qb4 Rfd8 21.Bf1 Rxd1 22.Rxd1 Rc8
23.Be3 Ba6 24.Qb1 Re8 25.Qf5 Bc8 26.Qc2 Qe6 27.Nd4 Qf7 28.Nb5 Bg4 29.Rd2 Qe6
30.Nc7 Qc8 31.Nxe8 Qxe8 32.h3 Be6 33.Qe4 Kf7 34.Be2 f5 35.Qc2 Ne5 36.Bd4 Nec6
37.Bf3 Nxd4 38.Rxd4 Nc6 39.Bxc6 Qxc6 40.Qd2 h6 41.Qe3 Qc5 42.Qf4 b5 43.Qd6 Qc8
44.Qb4 Qc6 45.f3 Bd5 46.Qb1 g6 47.Qd1 Be6 48.Rd6 Qc7 49.Qd4 g5 50.Ra6 Qg3
51.Qe3 Bd5 52.Rxa7+  1-0

[Event "World Youth U16 Olympiad"]
[Site "Poprad SVK"]
[Date "2016.07.25"]
[Round "5.7"]
[White "Turar,Dastan"]
[Black "Bohus,Adam"]
[Result "0-1"]
[WhiteElo "2266"]
[BlackElo "2200"]

1.d4 d5 2.c4 dxc4 3.e4 e5 4.Nf3 exd4 5.Bxc4 Nc6 6.O-O Be6 7.Bxe6 fxe6 8.Qb3 Qd7
9.Qxb7 Rb8 10.Qa6 Nf6 11.Nbd2 Bd6 12.Re1 Ng4 13.Nc4 O-O 14.h3 Rxf3 15.hxg4 Rf7
16.Bd2 Rbf8 17.Rf1 Bf4 18.Rad1 e5 19.g5 d3 20.Qa3 Qd4 21.Bxf4 Rxf4 22.Qb3 Rxf2
23.Ne3+ Kh8 24.Rxf2 Qxe3 25.Rf1 Nd4 26.Qxd3 Nf3+ 27.gxf3 Qxd3 28.Kg2 Qe3  0-1

[Event "Xtracon Chess Open 2016"]
[Site "Helsingor DEN"]
[Date "2016.07.26"]
[Round "5.11"]
[White "Bluebaum,M"]
[Black "Christiansen,Johan-Sebastian"]
[Result "1-0"]
[WhiteElo "2618"]
[BlackElo "2411"]

1.d4 d5 2.c4 dxc4 3.e4 Nf6 4.e5 Nd5 5.Bxc4 Nb6 6.Bd3 Nc6 7.Be3 Nb4 8.Be4 f5
9.a3 N4d5 10.Bxd5 Nxd5 11.Nc3 Nxe3 12.fxe3 g6 13.Nf3 Bh6 14.Kf2 c6 15.Qb3 Qb6
16.Qa2 f4 17.e4 Bg4 18.Rhd1 O-O-O 19.Qc4 Kb8 20.Na4 Qc7 21.Nc5 g5 22.Rd3 Qc8
23.h3 Bh5 24.e6 Ka8 25.Rb3 b5 26.Qb4 Bxf3 27.gxf3 Bg7 28.e5 Qc7 29.a4 Rb8
30.Na6 Qb6 31.Nxb8 Rxb8 32.a5 Qc7 33.Qc5 a6 34.Rc3 Rc8 35.b4 h5 36.Rac1 Kb7
37.Ke2 Qd8 38.d5 Ka8 39.Qd4 g4 40.Rxc6 gxf3+ 41.Kxf3 Rxc6 42.Rxc6  1-0

[Event "5th Sardaran Open 2016"]
[Site "Urmia IRI"]
[Date "2016.07.26"]
[Round "7.9"]
[White "Ghaffarifar,Matin"]
[Black "Mousavi,Se"]
[Result "1/2-1/2"]
[WhiteElo "2046"]
[BlackElo "2432"]

1.d4 d5 2.c4 dxc4 3.e4 e5 4.Nf3 exd4 5.Bxc4 Nc6 6.O-O Be6 7.Bb5 Bc5 8.b4 Bb6
9.a4 a6 10.Bxc6+ bxc6 11.a5 Ba7 12.Bb2 Qd6 13.Qd2 Rb8 14.Bxd4 Bxd4 15.Qxd4 Qxd4
16.Nxd4 Rxb4 17.Nxe6 fxe6 18.Nc3 Ke7 19.Rfb1 Rc4 20.Na4 Nf6 21.f3 Rd8 22.Rc1 Rdd4
23.Nc5 Rxc1+ 24.Rxc1 Nd7 25.Nxa6 Kd6 26.f4 e5 27.fxe5+ Nxe5 28.Nc5 Rd2 29.Nb7+ Kd7
30.Ra1 Kc8 31.a6 Kb8 32.a7+ Ka8 33.Nc5 Rd6 34.Kf1 g5 35.Ke2 Nc4 36.Ra2 h6
37.h3 Nb6 38.Ke3 Rd1 39.Ne6 Rd7 40.Nc5 Nc4+ 41.Ke2 Re7 42.Kd3 Nd6 43.Ra6 Nf7
44.Kd4 Ne5 45.Ra2 Nf7 46.Ra6 Ne5 47.Ra2  1/2-1/2

[Event "TCh-TUR Super League 2016"]
[Site "Izmir TUR"]
[Date "2016.07.27"]
[Round "3.2"]
[White "Inarkiev,E"]
[Black "Ivanchuk,V"]
[Result "1/2-1/2"]
[WhiteElo "2730"]
[BlackElo "2728"]

1.d4 d5 2.c4 dxc4 3.e4 Nf6 4.e5 Nd5 5.Bxc4 Nb6 6.Bd3 Nc6 7.Be3 Nb4 8.Be4 N4d5
9.Nc3 c6 10.Qf3 Be6 11.Nh3 h6 12.Nf4 Nxf4 13.Bxf4 Qd7 14.O-O Bc4 15.Rfe1 e6
16.b3 Bd5 17.Nxd5 Nxd5 18.Bxd5 Qxd5 19.Qxd5 cxd5 20.Rec1 Kd7 21.Rc2 Ba3 22.Bc1 Be7
23.Bd2 Ba3 24.Bc1 Bb4 25.Bb2 Rhc8 26.Rac1 Rxc2 27.Rxc2 b5 28.Kf1 Be7 29.Ke2 b4
30.Bc1 a5 31.f4 h5 32.g3 a4 33.bxa4 Rxa4 34.Kd3 Bd8 35.Bd2 Ba5 36.Ke2 Bb6
37.Be3 f6 38.exf6 gxf6 39.Bf2 Bc7 40.Be3 Bb6 41.Bf2 Bc7 42.Be3 Bd6 43.h3 Ra3
44.g4 h4 45.Rb2 Ke7 46.Kf2 Kf7 47.Ke2 Rc3 48.Kd2 Ra3 49.Ke2 Bf8 50.Kf2 Kg6
51.Ke2 Bh6 52.Rxb4 Rxa2+ 53.Kf3 Rh2 54.f5+ exf5 55.gxf5+ Kh5 56.Bxh6 Rxh3+
57.Kf4 Kxh6 58.Rb6 Kg7 59.Rb7+ Kf8 60.Kg4 Rg3+ 61.Kxh4 Rg5 62.Rd7 Rxf5 63.Kg4 Rg5+
64.Kf4 Ke8 65.Rh7 Kf8 66.Rd7 Kg8 67.Kf3 Kf8  1/2-1/2

[Event "9th Paleochora Open 2016"]
[Site "Paleochora GRE"]
[Date "2016.07.27"]
[Round "9.26"]
[White "Avagianos,S"]
[Black "Gevorgyan,M"]
[Result "0-1"]
[WhiteElo "2033"]
[BlackElo "2218"]

1.d4 d5 2.c4 dxc4 3.e4 e5 4.Nf3 exd4 5.Bxc4 Nc6 6.Qb3 Qe7 7.Bb5 Qd6 8.e5 Qb4+
9.Qxb4 Bxb4+ 10.Bd2 Bc5 11.b4 Bb6 12.a4 a6 13.Bxc6+ bxc6 14.Na3 Ne7 15.Nc2 Nf5
16.Ra3 a5 17.bxa5 Bxa5 18.Bxa5 Rxa5 19.Ke2 Ba6+ 20.Kd1 c5 21.g4 Ne7 22.Ncxd4 cxd4
23.Nxd4 O-O 24.Kc1 Ng6 25.Re3 Bb7 26.Rd1 Rd8 27.e6 fxe6 28.Rxe6 Bc8  0-1

[Event "1st IBCA European Teams"]
[Site "Warsaw POL"]
[Date "2016.07.28"]
[Round "5.4"]
[White "Komissarov,A"]
[Black "Draghici Flutur,G"]
[Result "0-1"]
[WhiteElo "2257"]
[BlackElo "2094"]

1.d4 d5 2.c4 dxc4 3.e4 Nc6 4.Nf3 Bg4 5.d5 Ne5 6.Bf4 Ng6 7.Bg3 Nf6 8.Nc3 e5
9.Bxc4 Bd6 10.h3 Bd7 11.O-O a6 12.a4 O-O 13.Bd3 Re8 14.Nd2 c6 15.Qb3 Nh5
16.dxc6 Bxc6 17.Rad1 Nxg3 18.fxg3 Bc5+ 19.Kh2 Qxd3 20.Nc4 Bxa4 21.Qxa4 b5
22.Rxd3 bxa4 23.Nxa4 Bd4 24.Nd6 Red8 25.Nf5 Bg1+ 26.Kxg1 Rxd3 27.Nc5 Rd2
28.b4 h6 29.h4 Re8 30.h5 Nf8 31.Rf3 Nd7 32.Nxd7 Rxd7  0-1

[Event "27th Czech Open A 2016"]
[Site "Pardubice CZE"]
[Date "2016.07.29"]
[Round "8.53"]
[White "Batchimeg,Tuvshintugs"]
[Black "Xylogiannopoulos,A"]
[Result "1-0"]
[WhiteElo "2391"]
[BlackElo "2231"]

1.d4 d5 2.c4 dxc4 3.e4 Nc6 4.d5 Ne5 5.Bf4 Ng6 6.Bg5 h6 7.Be3 Nf6 8.Nc3 e5
9.Bxc4 a6 10.Nge2 Bd6 11.f3 O-O 12.Qd2 Nh4 13.Ng3 b5 14.Bd3 Bd7 15.O-O g5
16.Rad1 Qe7 17.Kh1 Ne8 18.Nf5 Nxf5 19.exf5 Bb4 20.d6 Qxd6 21.Bxg5 f6 22.Bxh6 Rf7
23.Qf2 Bxc3 24.bxc3 Qe7 25.Be4 c6 26.Be3 Ng7 27.Bc5 Qe8 28.g4 a5  1-0

[Event "World Youth U16 Olympiad"]
[Site "Poprad SVK"]
[Date "2016.07.29"]
[Round "9.8"]
[White "Olsen,Filip Boe"]
[Black "Bohus,Adam"]
[Result "1-0"]
[WhiteElo "2263"]
[BlackElo "2200"]

1.d4 d5 2.c4 dxc4 3.e4 e5 4.Nf3 exd4 5.Bxc4 Nc6 6.O-O Be6 7.Bb5 Bc5 8.b4 Bb6
9.a4 a5 10.bxa5 Rxa5 11.Nbd2 Ne7 12.Ng5 O-O 13.Nxe6 fxe6 14.Qb3 Rf6 15.Nc4 Ra8
16.e5 Rg6 17.Nxb6 cxb6 18.Bd3 Qd5 19.Qxd5 Nxd5 20.Bxg6 hxg6 21.Bb2 Ndb4 22.Rfd1 Kh7
23.Rd2 Ra5 24.Bxd4 b5 25.axb5 Rxb5 26.Rb1 Rd5 27.Bc3 Nd3 28.Rxb7 Ncxe5 29.h3 Rc5
30.Bd4 Rc1+ 31.Kh2 g5 32.Rxg7+ Kxg7 33.Rxd3 Rc5 34.Re3  1-0

[Event "K Novikov Memorial 2016"]
[Site "Dubna RUS"]
[Date "2016.07.30"]
[Round "9"]
[White "Novikov,Ma"]
[Black "Arakeljan,Ar"]
[Result "1-0"]
[WhiteElo "2513"]
[BlackElo "2331"]

1.d4 d5 2.c4 dxc4 3.e4 e5 4.Nf3 exd4 5.Bxc4 Nc6 6.O-O Be6 7.Bxe6 fxe6 8.Qb3 Qd7
9.Qxb7 Rb8 10.Qa6 Nf6 11.Nbd2 Bd6 12.b3 O-O 13.Bb2 e5 14.Rfc1 Rb6 15.Qe2 Kh8
16.Nc4 Rbb8 17.Ne1 Rfe8 18.f3 Nh5 19.g3 Nf6 20.Nd3 Nb4 21.Nf2 h6 22.a3 Nc6
23.b4 g5 24.b5 Ne7 25.a4 Qe6 26.Nxd6 Qxd6 27.Ba3 Qd7 28.Rc5 Ng6 29.Rac1 Rb7
30.Rc6 Kg7 31.Nd3 Qf7 32.Nc5 Rb6 33.Rxc7 Re7 34.Na6 Rd7 35.Rxd7 Nxd7 36.Rc7 Kh8
37.Nc5 Ngf8 38.Rxa7 Rf6 39.Kg2 h5 40.Nd3 Qe8 41.a5 h4 42.b6 h3+ 43.Kxh3 Ng6
44.Bc1 Ngf8 45.Bxg5 Qh5+ 46.Kg2 Qxg5 47.b7 Ng6 48.Ra8+ Kh7 49.Rd8 Ngf8 50.a6 Rxa6
51.Rxf8 Qg7 52.b8=Q Nxb8 53.Rxb8 Qa7 54.Qb2 Ra2 55.Rb7+ Qxb7 56.Qxa2 Qc7
57.Qe6 Qc2+ 58.Nf2 d3 59.Qd7+ Kg6 60.Qxd3  1-0

[Event "Xtracon Chess Open 2016"]
[Site "Helsingor DEN"]
[Date "2016.07.30"]
[Round "9.47"]
[White "Thorsbro,P"]
[Black "Rishovd,Svein"]
[Result "1-0"]
[WhiteElo "2239"]
[BlackElo "2099"]

1.d4 d5 2.c4 dxc4 3.e4 Nc6 4.Nf3 Bg4 5.Be3 Nf6 6.Nc3 e6 7.Qa4 Bxf3 8.gxf3 Bb4
9.O-O-O Bxc3 10.bxc3 O-O 11.Rg1 Kh8 12.Qxc4 Qe7 13.Bd3 a6 14.Kb2 Na7 15.Bc2 b5
16.Qd3 e5 17.dxe5 Ng8 18.Qd7 b4 19.c4 Nc8 20.Qxe7 Ncxe7 21.Bc5 Rfe8 22.Ba4 Red8
23.Bxb4 Ng6 24.Bc3 Rab8+ 25.Kc2 N8e7 26.Rxd8+ Rxd8 27.Rd1 Rxd1 28.Kxd1 Nf4
29.Kd2 g5 30.e6+ Kg8 31.Bf6 Kf8 32.Bxg5 Nxe6 33.Bh6+ Kg8 34.Be3 Ng6 35.Kc3 Kg7
36.Kb4 Ne5 37.f4 c5+ 38.Kc3 Nf3 39.f5 Neg5 40.Bc2 Kf6 41.h4 Nh3 42.Bd1 Nxh4
43.Bg4 Ng1 44.f4 Ngf3 45.Bxc5 Nh2 46.Bh3 h5 47.Bf8 N2f3 48.c5 Ng1 49.e5+  1-0

[Event "70th Butnorius Open 2016"]
[Site "Kaunas LTU"]
[Date "2016.08.01"]
[Round "1.33"]
[White "Janulaitis,Albertas"]
[Black "Jasevicius,Petras"]
[Result "1-0"]
[WhiteElo "1875"]
[BlackElo "1158"]

1.d4 d5 2.c4 dxc4 3.e4 e6 4.Bxc4 Bb4+ 5.Nc3 Nc6 6.Nf3 Nge7 7.O-O O-O 8.a3 Ba5
9.b4 Bb6 10.d5 Nb8 11.Be3 Bxe3 12.fxe3 exd5 13.exd5 Bg4 14.Bd3 Nxd5 15.Nxd5 Qxd5
16.Bxh7+ Kxh7 17.Qxd5  1-0